000 01224nam a2200301 a 4500
001 ebr10040866
003 CaPaEBR
006 m u
007 cr cn|||||||||
008 981022s1999 enka sb 001 0 eng u
010 _z 98046889
020 _z0521653886 (pbk.)
040 _aCaPaEBR
_cCaPaEBR
035 _a(OCoLC)55641471
050 1 4 _aRC862.D5
_bM365 1999eb
082 0 4 _a618.97/63427
_221
245 0 0 _aDiarrhoea and constipation in geriatric practice
_h[electronic resource] /
_cedited by Ranjit N. Ratnaike ; foreword by Gary R. Andrews.
260 _aCambridge ;
_aNew York :
_bCambridge University Press,
_c1999.
300 _axiii, 236 p. :
_bill.
504 _aIncludes bibliographical references and index.
533 _aElectronic reproduction.
_bPalo Alto, Calif. :
_cebrary,
_d2013.
_nAvailable via World Wide Web.
_nAccess may be limited to ebrary affiliated libraries.
650 0 _aDiarrhea in old age.
650 0 _aConstipation in old age.
655 7 _aElectronic books.
_2local
700 1 _aRatnaike, Ranjit N.
710 2 _aebrary, Inc.
856 4 0 _uhttp://site.ebrary.com/lib/rucke/Doc?id=10040866
_zAn electronic book accessible through the World Wide Web; click to view
999 _c158189
_d158189